Responses for Show #3117 - Tuesday, March 3, 1998

Chris Ward game 5.

Contestants

[<< previous game]

Sharon Paterson, a marketing executive from Saline, Michigan

Jake Martin, an undergraduate student from Knoxville, Tennessee

Chris Ward, a foreign service officer from Lima, Peru (whose 4-day cash winnings total $53,703)

[next game >>]

Jeopardy! Round responses

NATURE
CANADIAN POTPOURRI
GOING CUCKOO
OUR WRITERS' FAVORITE COMIC BOOKS
MOVIEGOING
CROSSWORD CLUES "A"
    $100 13
Wings

Sharon
    $100 26
New Scotland

Jake
    $100 11
Cocoa Puffs

Chris
    $100 6
Betty & Veronica

Chris
    $100 1
Concessions

Jake
    $100 12
Ali

Sharon
    $200 14
Crab

Chris
    $200 27
(Chris: What is Vancouver?)

Victoria

ChrisSharon
    $200 22
Spring

Chris
    $200 7
Scrooge McDuck

Chris
    $200 2
Silent Films

Chris
    $200 18
aft

Jake
    $300 15
Flies

Chris
    $300 28
"Just For Laughs"

Jake
    $300 23
Cuckold

Jake
    $300 8
Batman

Jake
    $300 3
Double Feature

Chris
    $300 19
amber

Chris
    $400 16
Primrose

Triple Stumper
    $400 29
(Canada) Goose

Triple Stumper
    $400 24
"One Flew Over the Cuckoo's Nest"

Chris
    $400 9
Hawkman

Chris
    $400 4
"This is where I came in"

Chris
    $400 20
Artful

Chris
    $500 17
Frogs

Chris
    $500 30
Regina

Jake
    $500 25
The Third Man

Chris
    $500 10
Classics Illustrated

Chris
    $900 5
[THX logo and Deep Note]
(Chris: What is "This sounds real good!"?)

"The Audience is Listening"

Chris
    $500 21
applecart

Chris

Scores at the first commercial break (after clue 12):

Chris Jake Sharon
$1,300 $400 $100

Scores at the end of the Jeopardy! Round:

Chris Jake Sharon
$4,400 $1,800 $400

Double Jeopardy! Round responses

A "WORLD" OF INFORMATION
WORLD HISTORY
WORLD PLAYWRIGHTS
MUSEUMS OF THE WORLD
WORLD CINEMA
AROUND THE WORLD
    $200 3
Trans World Airlines

Sharon
    $200 26
Erwin Rommel

Jake
    $200 2
Harold Pinter

Jake
    $200 1
the Louvre

Chris
    $200 9
Jean-Claude van Damme

Chris
    $200 21
Ivory Coast

Sharon
    $400 4
"It's A Small World"

Sharon
    $400 12
Karel Capek

Chris
    $400 6
Isak Dinesen (Karen Blixen)

Sharon
    $400 10
Spaghetti Westerns

Sharon
    $400 22
Reykjavik

Sharon
    $600 5
"The world's his oyster"

Triple Stumper
    $600 13
Minos

Triple Stumper
    $600 7
(Sharon: What is Bucharest?)

Budapest

Sharon
Triple Stumper
    $400 11
Roman Polanski

Sharon
    $600 23
Chantilly

Sharon
    $800 19
"Brave new world!"

Chris
    $800 14
Sean O'Casey

Triple Stumper
    $800 8
(Sharon: What is the Uffizi Gallery?)

the Pitti Palace

Sharon
Triple Stumper
    $800 16
Rashomon

Chris
    $800 24
San Jose

Sharon
    $1,200 20
(Chris: Hmmm... can't say!)
...
(Alex: About a minute to go.)

"The World Turned Upside Down"

Chris
    $1000 27
[The end-of-round signal sounds.]

Manchu

Triple Stumper
    $1000 15
Henrik Ibsen

Triple Stumper
    $1000 18
(Chris: I knew that; why didn't I open my mouth?)

Samuel Johnson

Triple Stumper
    $1000 17
Diabolique

Chris
    $1000 25
Jamaica

Chris

Scores at the end of the Double Jeopardy! Round:

Chris Jake Sharon
$7,600 $2,200 $2,800
(lock game)

[wagering suggestions for these scores]

Final Jeopardy! Round responses

WORLD OF BUSINESS
(A: Chris, which of the Chevrolet autos or vans did you select?)
(C: The His and Hers Camaros sound good!)
(A: Here's the key to the His; we'll give you the Hers later...)
JakeWhat is India?
$1,000
SharonWhat is India?
$1,650
ChrisWhat is India?
$1,998
India

Final scores:

Chris Jake Sharon
$9,598 $3,200 $4,450
5-day champion: $63,301 3rd place: DuPont Camping Set 2nd place: Intel Create & Share Camera Pack

Game dynamics:

Coryat scores:

Chris Jake Sharon
$9,700 $2,200 $3,000
24 R,
3 W
(including 2 DDs)
9 R,
0 W
12 R
(including 1 DD),
2 W

Combined Coryat: $14,900

[game clues] [game scores] [suggest correction]

Game tape date: Unknown
The J! Archive is created by fans, for fans. Scraping, republication, monetization, and malicious use prohibited; this site may use cookies and collect identifying information. See terms. The Jeopardy! game show and all elements thereof, including but not limited to copyright and trademark thereto, are the property of Jeopardy Productions, Inc. and are protected under law. This website is not affiliated with, sponsored by, or operated by Jeopardy Productions, Inc. Join the discussion at JBoard.tv.